[Event "Barcelona Sant Marti op 11th"]
[Site "Barcelona"]
[Date "2024.03.07"]
[Round "9"]
[White "Flores Munoz, Daniel"]
[Black "Costa Monteiro, Pedro"]
[Result "1-0"]
[WhiteElo "1548"]
[BlackElo "1242"]
[PlyCount "35"]
[EventDate "2024.01.11"]
[EventType "swiss"]
[EventRounds "9"]
[EventCountry "ESP"]
[SourceTitle "CB11_2024"]
[SourceDate "2024.03.13"]
[SourceVersion "1"]
[SourceVersionDate "2024.03.13"]
[SourceQuality "1"]

1. d4 e6 2. e4 d5 3. Nc3 Bb4 4. Bd3 Nc6 5. Nf3 h6 6. 0-0 Bxc3 7. bxc3 Qe7 8. exd5 exd5 9. Re1 Be6 10. Bf5 0-0-0 11. Bxe6+ fxe6 12. Qe2 Re8 13. Rb1 Kb8 14. Qb5 Kc8 15. Qxb7+ Kd7 16. Qb5 Rb8 17. Ne5+ Kc8 18. Qa6+ 1-0

[Event "Barcelona Amateurs 02"]
[Site "Barcelona"]
[Date "2021.02.10"]
[Round "4"]
[White "Flores Munoz, Daniel"]
[Black "Febrero Perez, Lluis"]
[Result "1-0"]
[WhiteElo "1635"]
[BlackElo "1396"]
[PlyCount "77"]
[EventDate "2021.02.07"]
[EventType "tourn"]
[EventRounds "9"]
[EventCountry "ESP"]
[SourceTitle "EXT 2022"]
[Source "ChessBase"]
[SourceDate "2021.10.06"]
[SourceVersion "1"]
[SourceVersionDate "2021.10.06"]
[SourceQuality "1"]

1. d4 Nf6 2. Nc3 g6 3. e4 d6 4. f4 Bg7 5. Nf3 b6 6. Bd3 Bb7 7. 0-0 0-0 8. Be3 c5 9. dxc5 dxc5 10. Qe2 Qc7 11. Nb5 Qc8 12. Nc3 Nc6 13. e5 Ng4 14. h3 Nxe3 15. Qxe3 Nb4 16. Be4 Nc6 17. Kh1 Qc7 18. Rad1 Rfd8 19. Nd5 Qd7 20. Nf6+ exf6 21. Rxd7 Rxd7 22. Bxc6 Bxc6 23. e6 Re7 24. exf7+ Rxf7 25. Qe6 Bd7 26. Qb3 Re8 27. Rd1 Be6 28. Qb5 Rfe7 29. b3 Bh6 30. Qa4 Bf5 31. Qc4+ Be6 32. Qc3 Kf7 33. g3 Bxh3 34. Re1 Be6 35. Kh2 Rd8 36. Nd2 Red7 37. Ne4 Bg7 38. Qe3 Rd5 39. Ng5+ 1-0

[Event "Barcelona Amateurs 02"]
[Site "Barcelona"]
[Date "2021.02.07"]
[Round "1"]
[White "Flores Munoz, Daniel"]
[Black "Costa Trave, Jaume"]
[Result "1/2-1/2"]
[WhiteElo "1635"]
[BlackElo "1717"]
[PlyCount "26"]
[EventDate "2021.02.07"]
[EventType "tourn"]
[EventRounds "9"]
[EventCountry "ESP"]
[SourceTitle "EXT 2022"]
[Source "ChessBase"]
[SourceDate "2021.10.06"]
[SourceVersion "1"]
[SourceVersionDate "2021.10.06"]
[SourceQuality "1"]

1. d4 d5 2. Nc3 c6 3. e4 e6 4. exd5 exd5 5. Bd3 Nf6 6. Bg5 Be7 7. Nf3 0-0 8. 0-0 Bg4 9. h3 Bh5 10. Qd2 Nbd7 11. Ne5 Nxe5 12. dxe5 Nd7 13. Bxe7 Qxe7 1/2-1/2

[Event "Roncana op-B 12th"]
[Site "Santa Eulalia de Roncana"]
[Date "2018.10.27"]
[Round "4"]
[White "Martinez Medina, Jose Juan"]
[Black "Flores Munoz, Daniel"]
[Result "1-0"]
[WhiteElo "1523"]
[BlackElo "1565"]
[PlyCount "91"]
[EventDate "2018.09.29"]
[EventType "swiss"]
[EventRounds "8"]
[EventCountry "ESP"]
[SourceTitle "EXT 2020"]
[Source "ChessBase"]
[SourceDate "2019.10.17"]
[SourceVersion "1"]
[SourceVersionDate "2019.10.17"]
[SourceQuality "1"]

1. c4 Nf6 2. Nc3 e6 3. g3 c6 4. Bg2 d5 5. d4 Be7 6. Nf3 Nbd7 7. 0-0 0-0 8. b3 Bb4 9. Qc2 Qa5 10. Bb2 Qd8 11. Rfd1 Bxc3 12. Bxc3 Ne4 13. Bb2 f5 14. Nd2 Ndf6 15. f3 Ng5 16. h4 Nf7 17. Kf2 f4 18. g4 Nxg4+ 19. fxg4 Qxh4+ 20. Kg1 Qxg4 21. Nf3 Nh6 22. Ne5 Qg3 23. Qd3 Nf5 24. Qxg3 Nxg3 25. Kf2 Nf5 26. Rh1 Ng3 27. Rh2 h6 28. e3 Nf5 29. exf4 Nxd4 30. Bxd4 Rxf4+ 31. Ke3 Rf5 32. Rf1 c5 33. Rxf5 cxd4+ 34. Kxd4 exf5 35. Bxd5+ Kf8 36. Ng6+ Ke8 37. Re2+ Kd8 38. Re7 f4 39. Rxg7 f3 40. Bxf3 Be6 41. Rxb7 Rc8 42. Rxa7 Bf5 43. Be4 Bxe4 44. Kxe4 Rc6 45. Ra8+ Kc7 46. Rc8+ 1-0

[Event "Sabadell Coral Colon op 12th"]
[Site "Sabadell"]
[Date "2018.03.09"]
[Round "5"]
[White "Salinas Tomas, Daniel"]
[Black "Flores Munoz, Daniel"]
[Result "1-0"]
[WhiteElo "1524"]
[BlackElo "1609"]
[PlyCount "76"]
[EventDate "2018.02.09"]
[EventType "swiss"]
[EventRounds "9"]
[EventCountry "ESP"]
[SourceTitle "EXT 2019"]
[Source "ChessBase"]
[SourceDate "2018.10.10"]
[SourceVersion "1"]
[SourceVersionDate "2018.10.10"]
[SourceQuality "1"]

1. e4 e6 2. d4 d5 3. e5 c5 4. c3 Nc6 5. Nf3 Bd7 6. Bd3 cxd4 7. cxd4 Bb4+ 8. Nc3 Nge7 9. 0-0 Bxc3 10. bxc3 Ng6 11. Rb1 b6 12. Re1 Nce7 13. Bg5 Qc7 14. Qc2 Rc8 15. Rbc1 h6 16. Bd2 Qc6 17. Qb1 Qa4 18. Qb3 Qxb3 19. axb3 0-0 20. c4 Bc6 21. Bb4 Rfe8 22. Bxe7 Nxe7 23. Nd2 Nf5 24. Bxf5 exf5 25. Rc3 dxc4 26. bxc4 Rcd8 27. d5 Bb7 28. Nf3 g5 29. Nd4 f4 30. Rcc1 a6 31. Nf5 Kh7 32. Nd6 Re7 33. Rb1 b5 34. Nxb7 Rxb7 35. Red1 Re8 36. d6 Rd7 37. c5 Kg6 38. c6 Kf5 1-0

[Event "Montcada op-C 25th"]
[Site "Montcada"]
[Date "2017.07.02"]
[Round "8"]
[White "Cruz Jimenez, Miguel"]
[Black "Flores Munoz, Daniel"]
[Result "1/2-1/2"]
[WhiteElo "1534"]
[BlackElo "1711"]
[PlyCount "36"]
[EventDate "2017.06.26"]
[EventType "swiss"]
[EventRounds "9"]
[EventCountry "ESP"]
[SourceTitle "EXT 2018"]
[Source "ChessBase"]
[SourceDate "2017.10.13"]
[SourceVersion "1"]
[SourceVersionDate "2017.10.13"]
[SourceQuality "1"]

1. e4 e6 2. d4 d5 3. exd5 exd5 4. Nf3 Nf6 5. Bd3 Bd6 6. 0-0 0-0 7. Bg5 Be7 8. h3 Ne4 9. Bxe7 Qxe7 10. Re1 f5 11. c4 c6 12. Nc3 Be6 13. cxd5 cxd5 14. Qb3 Rc8 15. Ne5 Nc6 16. Nxc6 bxc6 17. Qc2 Qf6 18. f3 Nd6 1/2-1/2

[Event "Vall del Tenes op 4th"]
[Site "Santa Eulalia de Roncana"]
[Date "2015.06.05"]
[Round "8"]
[White "Flores Munoz, Daniel"]
[Black "Alcaraz Aguilera, David"]
[Result "1-0"]
[WhiteElo "1882"]
[BlackElo "1833"]
[PlyCount "69"]
[EventDate "2015.04.10"]
[EventType "swiss"]
[EventRounds "8"]
[EventCountry "ESP"]
[SourceTitle "EXT 2016"]
[Source "ChessBase"]
[SourceDate "2015.10.08"]
[SourceVersion "1"]
[SourceVersionDate "2015.10.08"]
[SourceQuality "1"]

1. d4 d5 2. e4 dxe4 3. f3 exf3 4. Nxf3 b6 5. Bc4 Nf6 6. 0-0 Bb7 7. c3 e6 8. Bg5 Be7 9. Nbd2 Nd5 10. Bxe7 Qxe7 11. Qe2 Nd7 12. Ne5 Nxe5 13. Qxe5 f6 14. Qe2 0-0-0 15. Rae1 Rhe8 16. a4 Kb8 17. a5 e5 18. axb6 axb6 19. Qg4 g6 20. Qg3 Qd6 21. Ne4 Qe7 22. Bxd5 Bxd5 23. Nxf6 Rf8 24. Nxd5 Rxf1+ 25. Rxf1 Rxd5 26. Qf3 Qe6 27. Qf8+ Kb7 28. Ra1 Ra5 29. Re1 Qb3 30. Qf3+ Ka7 31. Qc6 Kb8 32. Rf1 Qg8 33. b4 Rd5 34. Ra1 Ra5 35. bxa5 1-0